| 000 | 00859nam a2200301 a 4500 | ||
|---|---|---|---|
| 003 | AR-BaBNM | ||
| 005 | 20251128202912.0 | ||
| 008 | 082120s2002 ||||||||||||||000 | spa|| | ||
| 020 | _a950-9310-02-6 | ||
| 040 | _cAR-BaBNM | ||
| 110 | 2 | _aFundación Casa de la Cultura de Córdoba | |
| 245 | 0 | 0 |
_aMemorial del centenario de Ernesto Cocca _b1883-1940 |
| 260 |
_aBuenos Aires _bFundación Casa de la Cultura de Córdoba _c1984 |
||
| 300 |
_a178 p. _bil. |
||
| 490 | 0 | _aDocumentos | |
| 610 | 2 | 4 | _aMarina Mercante [Argentina] |
| 650 | 4 | _aBIOGRAFIAS | |
| 650 | 4 | _aGENEALOGIA | |
| 650 | 4 | _aHISTORIA | |
| 650 | 4 | _aHISTORIA DEL TRANSPORTE | |
| 650 | 4 | _aTRANSPORTE MARITIMO | |
| 651 | 4 | _aItalia | |
| 651 | 4 | _aArgentina | |
| 655 | _aBIOGRAFIAS | ||
| 700 | 1 |
_aVélez y Matienzo de Cocca, María Amelia _eprologuista |
|
| 942 | _cBK | ||
| 998 | _cEnrique | ||
| 999 |
_c1116 _d1116 |
||